Grundformen des deutschen Nebensatzes : Situative Uebungen auf Cassetten
Αποθηκεύτηκε σε:
| Κύριος συγγραφέας: | |
|---|---|
| Μορφή: | Βιβλίο |
| Γλώσσα: | German |
| Δημοσίευση: |
Stuttgart :
Klett,
1979
|
| Θέματα: | |
| Ετικέτες: |
Προσθήκη ετικέτας
Δεν υπάρχουν, Καταχωρήστε ετικέτα πρώτοι!
|
MARC
| LEADER | 00000nam a2200000 i 4500 | ||
|---|---|---|---|
| 001 | 1/11995 | ||
| 008 | 000919s1979 ger d | ||
| 020 | |a 3-12-554660-5 | ||
| 035 | |l 10064043 | ||
| 040 | |a GR-MY-UA |b gre |e aacr | ||
| 041 | 0 | |a ger | |
| 082 | 0 | |a 435 | |
| 100 | 1 | |a Zielinski, Wolf-Dietrich. | |
| 245 | 1 | 0 | |a Grundformen des deutschen Nebensatzes : |b Situative Uebungen auf Cassetten / |c von Wolf-Dietrich Zielinski |
| 260 | |a Stuttgart : |b Klett, |c 1979 | ||
| 300 | |a 40 p. |e 20 cm | ||
| 650 | 0 | 0 | |a German language |x Grammar |x Study and teaching. |
| 852 | |a INST |b RHODES |e 20000919 |h 435 ZIE |p 005400007925 |q 005400007925 |t BK |y 0 | ||
| 852 | |a INST |b RHODES |e 20000919 |h 435 ZIE |p 005400007928 |q 005400007928 |t BK |y 0 | ||
| 909 | |a Ρ |b 019000 | ||
| 909 | |a Ρ |b 018999 | ||
| 922 | |a 4ΕΛΗ |b 199011 | ||
| 970 | |z 2000/09/ΧΡΥΣΑΝΘΗ | ||